| 000 | 00411nam a2200145 a 4500 | ||
|---|---|---|---|
| 001 | 000043086 | ||
| 005 | 20201002040628.0 | ||
| 008 | 140218s1979 000 spa d | ||
| 020 | _a0241102820 | ||
| 040 |
_aDO-SdBNP _bspa _cBNPHU |
||
| 100 | 1 |
_aThomas, Hugh _960289 |
|
| 245 | 0 |
_aAn Unfinished History of the World. / _cHugh Thomas. |
|
| 260 |
_aLondon, : _bHamish Halmilton, _c1979. |
||
| 300 |
_a700 p ; _c25 cm. |
||
| 999 |
_c42575 _d42575 |
||